Subdivision capitals closest to Bern (CH) - Statistics

General Stats
  • This quiz has been taken 12 times
  • The average score is 16 of 20
Answer Stats
Distance Answer % Correct
20 130 Genève
100%
11 78 Lausanne
100%
13 85 Zug
100%
16 95 Zürich
100%
8 67 Aarau
86%
1 27 Fribourg/Freiburg
86%
18 124 Glarus/Glaris
86%
7 66 Luzern
86%
3 39 Neuchâtel
86%
15 92 Schwyz
86%
2 30 Solothurn
86%
14 91 Altdorf
71%
9 69 Basel
71%
4 47 Delémont
71%
6 64 Liestal
71%
5 61 Sarnen
71%
12 80 Sion
71%
10 70 Stans
71%
17 112 Besançon
57%
19 129 Frauenfeld
57%
No matching quizzes found
Score Distribution
Percent of People with Each Score
Percentile by Number Answered
Your Score History
You have not taken this quiz